000 00604nam a2200181Ia 4500
008 100920s9999 xx 000 0 und d
082 _b95252
_a891.43 न 05
100 _aभाटिया सुदर्शन.
245 _aमहर्षि अरविंद.
260 _bराजकुमार एण्ड सन्स दिल्ली.
_c2005
300 _a232
_bसाधी
365 _b300
520 _aहिंदी.
630 _aमहर्षि अरविंद.
650 _aहिंदी.
730 _aमहर्षि अरविंद.
942 _cBOOK
999 _c735694
_d735691